| 000 | 00882nam a2200229 i 4500 | ||
|---|---|---|---|
| 001 | 124868 | ||
| 003 | ES-MaACL | ||
| 005 | 20230906192519.0 | ||
| 007 | t| | ||
| 008 | 070423s1932 sp ||||1| spa d | ||
| 100 | 1 |
_aLeal Ramos, León. _970981 |
|
| 245 | 1 | 0 |
_aConferencia sobre el seguro de maternidad _b: dedicada especialmente a patronos agrícolas / _cpor León Leal Ramos. |
| 250 | _a2ª ed. | ||
| 260 |
_aMadrid : _b[s.n.], _c1932 ( _fImp. y Enc. de los Sobrinos de la Suc. de M. Minuesa de los Ríos) |
||
| 300 |
_a28 p. ; _c21 cm. |
||
| 490 | 1 |
_aPublicaciones del Instituto Nacional de Previsión ; _v314 |
|
| 650 |
_aSubsidio de maternidad- _zEspaña. _917240 |
||
| 710 | 2 |
_aInstituto Nacional de Previsión (España) _95180 |
|
| 830 | 1 |
_aPublicaciones del Instituto Nacional de Previsión ; _v314 _9181151 |
|
| 852 |
_aES-MaACL _jC-12650(14) |
||
| 999 |
_c124868 _d124868 |
||